000 00758nam a22002057a 4500
005 20100821132156.0
010 _aENG-101172
020 _a9788186307236
_c250.00
035 _aEN-84705
037 _bDBAD/PUB
082 _a954.511
100 _aBarthakur, Minoti
_916739
245 _aThe hardworking nyishi women of Arunachal Pradesh /
_cby Minoti Barthakur
260 _aGuwahati
_bDVS Publishers
_c2010
270 _aH. B. Road, Panbazar
_bGuwahati
_e781001
300 _ax,78p.
_c22cm (Hb)
_eb&w photos
500 _aIncludes bibliographical references
942 _2ddc
_cEN
_h954.511
_mBAR
999 _c42881
_d42881